| 000 | 00885nam a22002897a 4500 | ||
|---|---|---|---|
| 001 | BR9402629 | ||
| 003 | BR-BrBNA | ||
| 005 | 20230928094023.0 | ||
| 007 | ta | ||
| 008 | 230509b bl.||||| |||| 00| 0 por d | ||
| 040 |
_aBR-BrBNA _bpor _cBiblioteca Nacional de Agricultura |
||
| 041 | _a(Por) | ||
| 072 |
_aQ02 _b9416 |
||
| 090 | _ 9416 BR9402629 | ||
| 100 | 1 | _aMoraes, C.A. de | |
| 110 | 1 |
_aUniversidade Federal de Vicosa, MG (Brasil) _0Tese (Magister Scientiae) |
|
| 245 | 1 | _aUtilizacao de soro de queijo para producao de proteina microbiana | |
| 260 | 3 |
_aVicosa, MG (Brasil): _c1981. |
|
| 300 | _a55 p. | ||
| 500 | _a14 tables; 4 graphs; Bibliography p. 50-55 (68 ref.); Summary (Por) | ||
| 650 | _aSoro de Leite | ||
| 650 | _aMicrorganismo | ||
| 650 | _aProteina Microbiana | ||
| 650 | _aAnalise de Alimento | ||
| 909 |
_a202309 _bLucia _c55 _dLucia Elande |
||
| 942 | _cBK | ||
| 999 |
_c48462 _d48462 |
||